Les 30 règnes les plus longs de France (avec images) - Statistiques

Statistiques générales
  • Ce quiz a été pris 146 fois
  • Le résultat moyen est 23 sur 30
Statistiques - réponses
Par images Hint Réponse % Correct
768-814 (45 ans) Charles Ier
98%
1461-1483 (22 ans) Louis XI
98%
1715-1774 (58 ans) Louis XV
98%
1643-1715 (72 ans) Louis XIV
95%
814-840 (26 ans) Louis Ier
92%
1774-1792 (18 ans) Louis XVI
92%
1498-1515 (16 ans) Louis XII
91%
1610-1643 (33 ans) Louis XIII
91%
1515-1547 (32 ans) François Ier
89%
1031-1060 (29 ans) Henri Ier
86%
1589-1610 (20 ans) Henri IV
83%
1226-1270 (43 ans) Louis IX
82%
1108-1137 (29 ans) Louis VI
82%
1364-1380 (16 ans) Charles V
81%
1137-1180 (43 ans) Louis VII
81%
1380-1422 (42 ans) Charles VI
80%
1852-1871 (18 ans) Napoléon III
80%
1574-1589 (15 ans) Henri III
79%
1422-1461 (38 ans) Charles VII
78%
1060-1108 (47 ans) Philippe Ier
76%
936-954 (18 ans) Louis IV
75%
843-877 (34 ans) Charles II
72%
898-922 (24 ans) Charles III
69%
1180-1223 (42 ans) Philippe II
68%
1285-1314 (29 ans) Philippe IV
64%
1328-1350 (22 ans) Philippe VI
62%
751-768 (16 ans) Pépin
61%
1830-1848 (17 ans) Louis-Philippe Ier
56%
996-1031 (34 ans) Robert II
37%
954-986 (31 ans) Lothaire
29%
Aucun quiz correspondant
Distribution des résultats
% des personnes avec chaque résultat
Percentile par nombre de réponses
Votre historique - résultats
Vous n’avez pas pris ce quiz